000 00392nam a2200121Ia 4500
008 241028s9999 xx 000 0 und d
041 _aeng
082 _a658.4092 ROT
100 _aRothwell, William
245 _aAccelerated Action Learning: Using a Hands-on Talent Development Strategy to Solve Problems, Innovate Solutions
260 _bRoutledge
_aNew York
_c2024
300 _a217;. P. 25 cm
999 _c43105
_d43105